Brexit z pohledu britského bankovního sektoru

Výsledok britského referenda, britská politická scéna a finančné trhy. Vyjednávanie o podmienkach odchodu Spojeného kráľovstva z EÚ a formy ďalšej spolupráce. Proces implementácie regulačných opatrení tak, aby britský finančný sektor zostal naďalej odolný.

Saved in:
Bibliographic Details
Main Author: Zamrazilová, Eva
Format: Book Chapter
Language:Czech
Subjects:
Tags: Add Tag
No Tags, Be the first to tag this record!

MARC

LEADER 00000naa a2200000 4500
001 0221656
005 20170525100706.1
041 0 |a cze 
044 |a CZ 
245 1 0 |a Brexit z pohledu britského bankovního sektoru  |c Eva Zamrazilová 
520 |a Výsledok britského referenda, britská politická scéna a finančné trhy. Vyjednávanie o podmienkach odchodu Spojeného kráľovstva z EÚ a formy ďalšej spolupráce. Proces implementácie regulačných opatrení tak, aby britský finančný sektor zostal naďalej odolný. 
610 2 0 |a Spojené kráľovstvo 
610 2 0 |a Európska únia 
610 2 0 |a politika hospodárska 
610 2 0 |a regulácia 
610 2 0 |a trh finančný 
610 2 0 |a banky centrálne 
610 2 0 |a spolupráca medzinárodná 
100 1 |a Zamrazilová, Eva